مكتبة جامعة عجلون الوطنية

فهرس بحث المكتبة

Normal view MARC view
  • Le Guide de la Communication en Francais-دليل المحادثة باللغة الفرنسية

Entry Topical Term

Number of records used in: 1

001 - CONTROL NUMBER

  • control field: 2721

003 - CONTROL NUMBER IDENTIFIER

  • control field: JO-AjAnu

005 - DATE AND TIME OF LATEST TRANSACTION

  • control field: 20230606070741.0

008 - FIXED-LENGTH DATA ELEMENTS

  • fixed length control field: 230606|| aca||aabn | a|a d

040 ## - CATALOGING SOURCE

  • Original cataloging agency: JO-AjAnu
  • Transcribing agency: JO-AjAnu

150 ## - HEADING--TOPICAL TERM

  • Topical term or geographic name entry element: Le Guide de la Communication en Francais-دليل المحادثة باللغة الفرنسية

670 ## - SOURCE DATA FOUND

  • Source citation: Work cat.: (JO-AjAnu)1424: /رشيد,أحمد تأليف /فريتاس,جورج م.مشارك, author 2720, Le Guide de la Communication en Francais:دليل المحادثة باللغة الفرنسية